000 004530000a22001810004500
003 MACL
005 20150705164754.0
008 150705b xxu||||| |||| 00| 0 eng d
040 _aMACL
_cMACL
041 _aEnglish
082 _a800/MIS
100 _aMishra,Dr.S.K.
_9994
245 _aLife and Works of Shashi Deshpande
260 _aKanpur
_bBhasker Publications
_c2009
350 _a595
650 _aLiterature
_9995
942 _cBK
_k800/MIS
_2ddc
999 _c46813
_d46813